Statistics for Croatian Scorers in 2010s Champions League

Click here to take the quiz!

General Stats

  • This quiz has been taken 175 times
  • The average score is 9 of 14

Answer Stats

PlayerTeamGls% Correct
Luka ModrićTottenham, Real Madrid5
99%
Ivan RakitićBarcelona6
97%
Mario MandžukićBayern Munich, Atletico Madrid, Juventus21
97%
Ivan PerišićDortmund1
79%
Andrej KramarićHoffenheim5
78%
Mateo KovačićDinamo Zagreb, Real Madrid3
78%
Ivica OlićBayern Munich9
73%
Darijo SrnaShakhtar4
67%
Dejan LovrenLyon1
58%
Eduardo da SilvaArsenal, Shakhtar6
57%
Marko PjacaJuventus1
47%
Nikola VlašićCSKA Moscow3
37%
Josip PivarićDinamo Zagreb1
10%
Ivan TomečakDinamo Zagreb1
8%

Score Distribution

Percentile by Number Answered

Percent of People with Each Score

Your Score History

You have not taken this quiz